Beriem si ťa

Bibliographic Details
Main Author: Quick, Amanda, 1948- (Author)
Format: Braille Book
Language:Slovak
English
PhysicalDescription:5 zv. v Braillovom písme 27 x 29 cm
Published: Levoča Slovenská knižnica pre nevidiacich Mateja Hrebendu 2005
ISBN:8080476985
Edition:[1. vyd.]
Subjects:

MARC

LEADER 00000nam a2200000 a 4500
001 vtls008304484
003 SK-MaSNL
005 20260302074213.0
007 fb a a
008 240318s2005 xo ff 000 f slo
015 |a SNBK2005/04-01105 
020 |a 8080476985  |q (viaz.) 
040 |a SNK  |b slo  |c SNK  |e AACR2 
041 1 |a slo  |h eng 
044 |a xo  |c SK 
072 7 |a 821.111(73)-3  |x Americká próza  |2 konspekt 
080 |a (0:82-312.5)  |2 MDT-MRF 
080 |a (0:003.24)  |2 MDT-MRF 
080 |a 821.111(73)-31  |2 MDT-MRF 
100 1 |a Quick, Amanda,  |d 1948-  |4 aut  |9 86058 
245 1 0 |a Beriem si ťa  |h Braillovo písmo  |c Amanda Quicková 
250 |a [1. vyd.] 
260 |a Levoča  |b Slovenská knižnica pre nevidiacich Mateja Hrebendu  |c 2005 
300 |a 5 zv. v Braillovom písme  |c 27 x 29 cm 
506 |a 5 výt. 
655 7 |a americké romány  |2 SNKPH  |9 1174 
655 7 |a ľúbostné romány  |2 SNKPH  |9 70497 
655 7 |a publikácie pre nevidiacich  |2 SNKPH  |9 70695 
919 |a 80-8047-698-5 
968 |b ENG  |d 821 
999 |c 1164098  |d 1166028 
952 |a SNK  |b SNK  |y PREZ  |7 0  |p 17A0487075  |o snkOSB 14416/1  |i snk2005/17549  |8 0  |0 0  |1 0  |4 0  |d 2005-10-21  |l 0  |r 2026-02-24 20:43:47  |w 2026-02-24 
952 |a SNK  |b SNK  |y PREZ  |7 0  |p 17A0487076  |o snkOSB 14416/2  |i snk2005/17550  |8 0  |0 0  |1 0  |4 0  |d 2005-10-21  |l 0  |r 2026-02-24 20:43:48  |w 2026-02-24 
952 |a SNK  |b SNK  |y PREZ  |7 0  |p 17A0487077  |o snkOSB 14416/3  |i snk2005/17551  |8 0  |0 0  |1 0  |4 0  |d 2005-10-21  |l 0  |r 2026-02-24 20:43:48  |w 2026-02-24 
952 |a SNK  |b SNK  |y PREZ  |7 0  |p 17A0487079  |o snkOSB 14416/5  |i snk2005/17553  |8 0  |0 0  |1 0  |4 0  |d 2005-10-21  |l 0  |r 2026-02-24 20:43:48  |w 2026-02-24 
952 |a SNK  |b SNK  |y PREZ  |7 0  |p 17A0487078  |o snkOSB 14416/4  |i snk2005/17552  |8 0  |0 0  |1 0  |4 0  |d 2005-10-21  |l 0  |r 2026-02-24 20:43:48  |w 2026-02-24